Statistics for planning (Record no. 482907)

000 -LEADER
fixed length control field 00525cam a22001217a 4500
008 - FIXED-LENGTH DATA ELEMENTS--GENERAL INFORMATION
fixed length control field 180718b xxu||||| |||| 00| 0 eng d
082 ## - DEWEY DECIMAL CLASSIFICATION NUMBER
Classification number L8065x5453 K45
245 ## - TITLE STATEMENT
Title Statistics for planning
Statement of responsibility, etc. by State Planning Board, The Bureau of Economics and Statistics, Kerala
260 ## - PUBLICATION, DISTRIBUTION, ETC.
Place of publication, distribution, etc. Trivandrum
Name of publisher, distributor, etc. State Planning Board, The Bureau of Economics and Statistics
Date of publication, distribution, etc.
500 ## - GENERAL NOTE
General note Contents: Library has 1993
650 ## - SUBJECT ADDED ENTRY--TOPICAL TERM
Topical term or geographic name entry element Accounting - Statistics - India - Kerala
700 ## - ADDED ENTRY--PERSONAL NAME
Personal name Kerala. State Planning Board. The Bureau of Economics and Statistics
Holdings
Withdrawn status Lost status Damaged status Not for loan Permanent Location Current Location Date acquired Full call number Barcode Date last seen Price effective from Koha item type
        Indian Institute of Public Administration Indian Institute of Public Administration 2018-08-04 L8065x5453 K45 GG26164 2018-08-04 2018-08-04 GG
        Indian Institute of Public Administration Indian Institute of Public Administration 2018-08-04 L8065x5453 K45 GG13487 2018-08-04 2018-08-04 GG

Powered by Koha